[Event "Kiel op 31st"]
[Site "Kiel"]
[Date "2018.08.03"]
[Round "9"]
[White "Kleinschroth, Roland"]
[Black "Krause, Jonah"]
[Result "1/2-1/2"]
[WhiteElo "2058"]
[BlackElo "2336"]
[PlyCount "70"]
[EventDate "2018.07.28"]
[EventType "swiss"]
[EventRounds "9"]
[EventCountry "GER"]
[SourceTitle "CBM 185 Extra"]
[Source "ChessBase"]
[SourceDate "2018.07.29"]
[SourceVersion "1"]
[SourceVersionDate "2018.07.29"]
[SourceQuality "1"]

1. e4 c5 2. d4 cxd4 3. c3 Nf6 4. e5 Nd5 5. Nf3 d6 6. cxd4 e6 7. Bc4 Be7 8. 0-0 0-0 9. Bxd5 exd5 10. Bf4 Nc6 11. Nc3 Be6 12. Qd2 Rc8 13. Rac1 Qd7 14. Rfe1 Rfe8 15. h3 dxe5 16. Nxe5 Nxe5 17. Bxe5 Rc4 18. b3 Rc6 19. Na4 f6 20. Rxc6 Qxc6 21. Rc1 Qb5 22. Bg3 Bf7 23. Nc5 Rc8 24. Nd3 Rxc1+ 25. Qxc1 g5 26. Qc8+ Kg7 27. Nc5 Bxc5 28. Qxc5 Qa6 29. a4 Qd3 30. Qxa7 Qxb3 31. a5 Qb5 32. Qb6 Qxb6 33. axb6 Kg6 34. Bd6 Kf5 35. f3 Ke6 1/2-1/2

[Event "Kiel op 31st"]
[Site "Kiel"]
[Date "2018.07.30"]
[Round "5"]
[White "Krause, Jonah"]
[Black "Wunder, Niklas"]
[Result "1-0"]
[WhiteElo "2336"]
[BlackElo "2099"]
[PlyCount "53"]
[EventDate "2018.07.28"]
[EventType "swiss"]
[EventRounds "9"]
[EventCountry "GER"]
[SourceTitle "CBM 185 Extra"]
[Source "ChessBase"]
[SourceDate "2018.07.29"]
[SourceVersion "1"]
[SourceVersionDate "2018.07.29"]
[SourceQuality "1"]

1. Nf3 Nf6 2. c4 g6 3. Nc3 Bg7 4. e4 d6 5. d4 0-0 6. Be2 e5 7. d5 a5 8. Bg5 h6 9. Be3 Ng4 10. Bd2 f5 11. exf5 gxf5 12. h3 Nf6 13. Qc1 f4 14. g3 e4 15. Nh4 e3 16. fxe3 fxg3 17. Ng6 Re8 18. Qc2 Na6 19. 0-0-0 Nc5 20. Bf3 Bd7 21. Rhg1 Qc8 22. Nh4 c6 23. Rxg3 Re7 24. Rh1 cxd5 25. Nxd5 Nxd5 26. Bxd5+ Be6 27. Nf5 1-0

[Event "Kiel op 31st"]
[Site "Kiel"]
[Date "2018.07.28"]
[Round "1"]
[White "Krause, Jonah"]
[Black "Hoffmann, Joachim"]
[Result "1-0"]
[WhiteElo "2336"]
[BlackElo "1911"]
[PlyCount "51"]
[EventDate "2018.07.28"]
[EventType "swiss"]
[EventRounds "9"]
[EventCountry "GER"]
[SourceTitle "CBM 185 Extra"]
[Source "ChessBase"]
[SourceDate "2018.07.29"]
[SourceVersion "1"]
[SourceVersionDate "2018.07.29"]
[SourceQuality "1"]

1. d4 f5 2. g3 Nf6 3. Bg2 e6 4. c4 d5 5. Qc2 c6 6. Nh3 Bd6 7. 0-0 a5 8. Bf4 0-0 9. Nd2 dxc4 10. Qxc4 b5 11. Qd3 Nd5 12. Bxd6 Qxd6 13. a3 Ba6 14. Rfe1 Nd7 15. e4 N5b6 16. e5 Qc7 17. Nf4 Rfe8 18. Rac1 b4 19. Qb3 Kf7 20. Rxc6 a4 21. Qxe6+ Rxe6 22. Rxc7 Rc8 23. Nxe6 Kxe6 24. d5+ Nxd5 25. Bxd5+ Ke7 26. Ra7 1-0